Frecuency analysis of hydrologic data whit special application to rainfall intensities
Furkejuvvon:
| Váldodahkki: | |
|---|---|
| Materiálatiipa: | Girji |
| Giella: | English |
| Almmustuhtton: |
[Urbana : [editor no identificado]
1953
|
| Ráidu: | University of Illinois Enigineering Experiment Station, Bulletin Series
University of Illinois Bulletin |
| Fáttát: | |
| Fáddágilkorat: |
Lasit fáddágilkoriid
Eai fáddágilkorat, Lasit vuosttaš fáddágilkora!
|
MARC
| LEADER | 00000nam a2200000Ia 4500 | ||
|---|---|---|---|
| 003 | 001863 | ||
| 005 | 20221231143946.0 | ||
| 008 | 140114s1953 ilua 000 ||eng d | ||
| 040 | |c cru CEDI | ||
| 082 | |a 551.57 Ch552f | ||
| 100 | |a Chow, Ven Te |9 20866 | ||
| 245 | |a Frecuency analysis of hydrologic data whit special application to rainfall intensities | ||
| 260 | |a [Urbana : [editor no identificado] |c 1953 | ||
| 300 | |a 80 páginas;ilustraciones | ||
| 440 | |a University of Illinois Enigineering Experiment Station, Bulletin Series |n 414 |p |9 20876 | ||
| 440 | |a University of Illinois Bulletin |n v.50, no. 81: july 1953 |9 20877 | ||
| 650 | |x PRECIPITACION ATMOSFERICA CHICAGO, ILLINOIS (ESTADOS UNIDOS) |9 20878 | ||
| 942 | |2 ddc |c BK | ||
| 999 | |c 14804 |d 14804 | ||
